| 000 | 00605nam a2200193Ia 4500 | ||
|---|---|---|---|
| 003 | GCL | ||
| 008 | 140319s9999 xx 000 0 ara d | ||
| 040 |
_aGCL / _cGCL |
||
| 082 | 0 | 4 |
_a862.057 _bر ا |
| 100 | 1 | _aسمير سرحان | |
| 245 | 1 | 0 |
_aايفيتا احدث ما يعرض على مسارح عواصم العالم / _cسمير سرحان |
| 700 | 1 | _aرايس، تيم | |
| 260 |
_aالكويت : _bدار سعاد الصباح ، _c1992 |
||
| 300 | _a120 ص | ||
| 490 | _a | ||
| 650 | 0 | 4 | _aالادب الاسبانى |
| 650 | 0 | 4 | _aالمسرحيات الاسبانية |
| 942 |
_2ddc _cBK |
||
| 999 |
_c29573 _d29573 |
||